NFL Passer Rating Leaders By Year - Statistics

General Stats
  • This quiz has been taken 144 times
  • The average score is 40 of 55
Answer Stats
Hint Passer
Rating
Team Player % Correct
2020 121.5 Packers Aaron Rodgers
99%
2012 108.0 Packers Aaron Rodgers
99%
2011 122.5 Packers Aaron Rodgers
99%
2018 115.7 Saints Drew Brees
98%
2009 109.6 Saints Drew Brees
98%
2006 101.0 Colts Peyton Manning
97%
2005 104.1 Colts Peyton Manning
97%
2004 121.1 Colts Peyton Manning
97%
2010 111.0 Patriots Tom Brady
97%
2007 117.2 Patriots Tom Brady
97%
2015 110.1 Seahawks Russell Wilson
96%
2016 117.1 Falcons Matt Ryan
95%
2014 113.2 Cowboys Tony Romo
94%
1989 112.4 49ers Joe Montana
92%
1987 102.1 49ers Joe Montana
92%
1984 108.9 Dolphins Dan Marino
91%
2008 105.5 Chargers Philip Rivers
90%
2019 117.5 Titans Ryan Tannehill
90%
2017 104.7 Chiefs Alex Smith
88%
2001 101.4 Rams Kurt Warner
88%
1999 109.2 Rams Kurt Warner
88%
1997 104.7 49ers Steve Young
88%
1996 97.2 49ers Steve Young
88%
1994 112.8 49ers Steve Young
88%
1993 101.5 49ers Steve Young
88%
1992 107.0 49ers Steve Young
88%
1991 101.8 49ers Steve Young
88%
1990 101.2 Bills Jim Kelly
79%
1969 89.9 Packers Bart Starr
76%
1968 104.3 Packers Bart Starr
76%
1966 105.0 Packers Bart Starr
76%
1979 92.3 Cowboys Roger Staubach
73%
1978 84.9 Cowboys Roger Staubach
73%
1973 94.6 Cowboys Roger Staubach
73%
1971 104.8 Cowboys Roger Staubach
73%
2013 119.2 Eagles Nick Foles
72%
2003 100.4 Titans Steve McNair
64%
1988 97.4 Bengals Boomer Esiason
61%
1982 95.3 Bengals Ken Anderson
58%
1981 98.4 Bengals Ken Anderson
58%
1975 93.9 Bengals Ken Anderson
58%
1974 95.7 Bengals Ken Anderson
58%
1976 103.4 Raiders Ken Stabler
57%
1998 106.0 Vikings Randall Cunningham
57%
1977 87.8 Dolphins Bob Griese
55%
2000 102.9 Broncos Brian Griese
49%
2002 104.2 Jets Chad Pennington
46%
1980 91.4 Browns Brian Sipe
39%
1995 100.7 Colts Jim Harbaugh
31%
1967 87.3 Redskins Sonny Jurgensen
28%
1970 93.8 49ers John Brodie
22%
1985 96.2 Jets Ken O'Brien
21%
1983 97.6 Falcons Steve Bartkowski
21%
1986 92.6 Vikings Tommy Kramer
20%
1972 91.0 Dolphins Earl Morrall
11%
No matching quizzes found
Score Distribution
Percent of People with Each Score
Percentile by Number Answered
Your Score History
You have not taken this quiz